000 00288nam a2200097Ia 4500
005 20251222152003.0
008 251222s9999||||xx |||||||||||||| ||spa||
082 _a630.1/I59/V.13
245 0 _a"III Censo Nacional Agropecuario, perfil agropecuario: Departamento de La Libertad"
942 _cLIB
999 _c24614
_d24614